000 00752nam a2200145Ia 4500
005 20260209120146.0
008 260209s9999||||xx |||||||||||||| ||und||
100 _aYavnika
245 2 _aA comparative study of visual impairment in the united states of America (USA) and India in context of higher education in law schools
260 _aBangaloreBangalore
_bNLSIU, Bangalore
_c2022
300 _a47 p. ; 25 cm.
505 _aAccessibility Disability Laws - India - United States of America Higher Education and Accessibility - United States of America - India Persons with Disability - United States of America - India
700 _aMs. Prerna Dhoop - Supervisor Ms. Prerna Dhoop - Supervisor
856 _uhttps://dans.nls.ac.in/handle/123456789/1167
999 _c217565
_d217565